000 00963nam a2200229 u 4500
001 1918956
003 AM-YEHGA
005 20250617164732.0
008 041202s1993 ru |||g|||||||||||0|rus|d
020 _a5835000359 (Т. 1)
020 _a5-8350-0379-X (Т. 3)
040 _aAM-YeHGA
041 1 _arus
_heng
100 1 _aДжойс, Джеймс,
_d1882-1941
245 1 0 _aСобрание сочинений в 3-х томах :
_bПер. с англ. /
_cДжеймс Джойс.
260 _aМосква :
_bЗнаменитая книга,
_c1993-
300 _aтом
505 1 0 _gТ. 1 (1993, 445 с.) :
_tДублинцы : Рассказы; Портрет художника в юности : Роман ;
_gТ. 2 (1994, 608 с.) :
_tУлисс : Роман (части I и II) ;
_gТ. 3 (1994, 605 с.) :
_tУлисс : Роман (часть III)
650 1 4 _aИрландская литература
942 _2udc
_cBK
090 _c567156
999 _c528852
_d528852